Отработка стадии подготовки пресс-порошка модельных топливных таблеток; Изотопы: технологии, материалы и применение

Bibliographische Detailangaben
Parent link:Изотопы: технологии, материалы и применение.— 2021.— [С. 146]
1. Verfasser: Зайцев И. К.
Körperschaft: Национальный исследовательский Томский политехнический университет Инженерная школа ядерных технологий Отделение ядерно-топливного цикла
Weitere Verfasser: Сукотнова В. В. Валентина Васильевна (научный руководитель), Видяев Д. Г. Дмитрий Геннадьевич
Zusammenfassung:Заглавие с титульного экрана
Sprache:Russisch
Veröffentlicht: 2021
Schriftenreihe:Вывод из эксплуатации и обращение с радиоактивными отходами
Schlagworte:
Online-Zugang:http://earchive.tpu.ru/handle/11683/69092
Format: MixedMaterials Elektronisch Buchkapitel
KOHA link:https://koha.lib.tpu.ru/cgi-bin/koha/opac-detail.pl?biblionumber=633888

MARC

LEADER 00000naa2a2200000 4500
001 633888
005 20231101133802.0
035 |a (RuTPU)RU\TPU\conf\35638 
035 |a RU\TPU\conf\35637 
090 |a 633888 
100 |a 20211129d2021 k y0rusy50 ca 
101 0 |a rus 
102 |a RU 
105 |a y z 101zy 
135 |a drgn ---uucaa 
181 0 |a i  
182 0 |a b 
200 1 |a Отработка стадии подготовки пресс-порошка модельных топливных таблеток  |f И. К. Зайцев, В. В. Сукотнова  |g науч. рук. Д. Г. Видяев 
203 |a Текст  |c электронный 
225 1 |a Вывод из эксплуатации и обращение с радиоактивными отходами 
230 |a 1 компьютерный файл (pdf; 332 Кб) 
300 |a Заглавие с титульного экрана 
463 0 |0 (RuTPU)RU\TPU\conf\35564  |t Изотопы: технологии, материалы и применение  |o сборник тезисов докладов VII Международной научной конференции молодых ученых, аспирантов и студентов, г. Томск, 25-28 октября 2021 г.  |f Национальный исследовательский Томский политехнический университет (ТПУ)  |v [С. 146]  |d 2021 
610 1 |a электронный ресурс 
610 1 |a труды учёных ТПУ 
610 1 |a пресс-порошки 
610 1 |a топливные таблетки 
610 1 |a углеродные матрицы 
610 1 |a отработка 
610 1 |a подготовка 
610 1 |a формование 
610 1 |a дисперсионное топливо 
610 1 |a ядерное топливо 
700 1 |a Зайцев  |b И. К. 
701 1 |a Сукотнова  |b В. В.  |c физик  |c инженер Томского политехнического университета  |f 1963-  |g Валентина Васильевна  |2 stltpush  |3 (RuTPU)RU\TPU\pers\37315 
702 1 |a Видяев  |b Д. Г.  |c физик  |c доцент Томского политехнического университета, доктор технических наук  |f 1973-  |g Дмитрий Геннадьевич  |2 stltpush  |4 727 
712 0 2 |a Национальный исследовательский Томский политехнический университет  |b Инженерная школа ядерных технологий  |b Отделение ядерно-топливного цикла  |h 7864  |2 stltpush  |3 (RuTPU)RU\TPU\col\23554 
801 2 |a RU  |b 63413507  |c 20220117  |g RCR 
856 4 |u http://earchive.tpu.ru/handle/11683/69092 
942 |c BK